| 000 | 00948nac a22002891i 4500 | ||
|---|---|---|---|
| 003 | EG-ScBUE | ||
| 005 | 20230507094658.0 | ||
| 008 | 230507t1991 nyua f 001 0 eng d | ||
| 020 | _a0500541671 | ||
| 020 | _a9780500541678 | ||
| 040 |
_aEG-ScBUE _beng _erda _cEG-ScBUE _dEG-ScBUE |
||
| 082 | 0 | 4 |
_a779.34 _bEWI _222 |
| 100 | 1 |
_aEwing, William A., _eauthor. |
|
| 245 | 1 | 0 |
_aFlora photographica : _bmasterpieces of flower photography from 1835 to the present / _cWilliam A. Ewing. |
| 264 | 1 |
_aNew York : _bSimon & Schuster, _c[1991] |
|
| 264 | 4 | _cc1991 | |
| 300 |
_a224 pages : _billustrations (some color) ; _c30 cm |
||
| 336 |
_2rdacontent _atext _btxt |
||
| 337 |
_2rdamedia _aunmediated _bn |
||
| 338 |
_2rdacarrier _avolume _bnc |
||
| 500 | _aIncludes index. | ||
| 650 | 7 |
_aPhotography of plants. _2BUEsh |
|
| 650 | 7 |
_aFlowers _vPictorial works. _2BUEsh |
|
| 653 | _bART | ||
| 655 | _vReading book | ||
| 942 |
_cBB _k779.34 EWI _2ddc |
||
| 999 |
_c7382 _d7382 |
||